| 000 | 00549nam a22002057a 4500 | ||
|---|---|---|---|
| 999 |
_c3647 _d234151 |
||
| 020 | _a9509959979 | ||
| 080 | _a35.076/ 077 P 941 | ||
| 245 |
_aLey 19549: Procedimiento Administrativo: _bDec. 1759/ 72. T:O: 1991. |
||
| 260 |
_aBuenos Aires _bValletta _c1992 |
||
| 300 | _a72 P. | ||
| 650 | _xprocedimiento administrativo | ||
| 650 | _xamparo por mora | ||
| 650 | _xacto administrativo | ||
| 650 | _ximpugnacion | ||
| 650 | _xnulidad | ||
| 650 | _xanulabilidad | ||
| 650 | _xretroactividad del acto | ||
| 942 | _6_ | ||
| 945 |
_acd _d2015-03-25 |
||